<?xml version="1.0" encoding="UTF-8"?>
<record
    xmlns:xsi="http://www.w3.org/2001/XMLSchema-instance"
    xsi:schemaLocation="http://www.loc.gov/MARC21/slim http://www.loc.gov/standards/marcxml/schema/MARC21slim.xsd"
    xmlns="http://www.loc.gov/MARC21/slim">

  <leader>01536nam a22002297a 4500</leader>
  <controlfield tag="005">20231218173445.0</controlfield>
  <controlfield tag="008">231218b        |||||||| |||| 00| 0 eng d</controlfield>
  <datafield tag="020" ind1=" " ind2=" ">
    <subfield code="a">9788431540456</subfield>
  </datafield>
  <datafield tag="037" ind1=" " ind2=" ">
    <subfield code="3">Donaci&#xF3;n </subfield>
  </datafield>
  <datafield tag="040" ind1=" " ind2=" ">
    <subfield code="a">CO-JMCR </subfield>
    <subfield code="c">CO-JMCR </subfield>
    <subfield code="d">CO-JMCR </subfield>
    <subfield code="e">rda</subfield>
  </datafield>
  <datafield tag="041" ind1=" " ind2=" ">
    <subfield code="a">spa</subfield>
  </datafield>
  <datafield tag="082" ind1=" " ind2=" ">
    <subfield code="2">23</subfield>
    <subfield code="a"> 636.70 </subfield>
    <subfield code="b">D44p2</subfield>
  </datafield>
  <datafield tag="100" ind1=" " ind2=" ">
    <subfield code="a">Desachy, Florence </subfield>
    <subfield code="e">Autor</subfield>
    <subfield code="9">42365</subfield>
  </datafield>
  <datafield tag="245" ind1=" " ind2=" ">
    <subfield code="a">Mi perro est&#xE1; engordando: </subfield>
    <subfield code="b">&#xA1;Hay soluci&#xF3;n! / </subfield>
    <subfield code="c">Florence Desachy </subfield>
  </datafield>
  <datafield tag="260" ind1=" " ind2=" ">
    <subfield code="a">Barcelona: </subfield>
    <subfield code="b">Editorial de Vecchi, </subfield>
    <subfield code="c">2009</subfield>
  </datafield>
  <datafield tag="300" ind1=" " ind2=" ">
    <subfield code="a">62 p&#xE1;ginas </subfield>
    <subfield code="c">20 cm </subfield>
  </datafield>
  <datafield tag="500" ind1=" " ind2=" ">
    <subfield code="a">Incluye cuestionarios de comportamiento </subfield>
  </datafield>
  <datafield tag="520" ind1=" " ind2=" ">
    <subfield code="a">&#xBF;Su perro come demasiado? &#xBF;Est&#xE1; engordando mucho? &#xBF;Ha enfermado? &#xBF;Usted se siente totalmente superado por la situaci&#xF3;n? &#xA1;Pues sepa que no es una fatalidad! Los trastornos del comportamiento se han convertido en una preocupaci&#xF3;n prioritaria de los due&#xF1;os de perros. Los especialistas en comportamiento canino cada vez reciben m&#xE1;s consultas, muchas de ellas de due&#xF1;os desesperados, que no saben qu&#xE9; hacer con un perro mal educado, agresivo, ruidoso, dominante o que se escapa. Los libros de esta colecci&#xF3;n contemplan las patolog&#xED;as m&#xE1;s frecuentes: le ayudar&#xE1;n a determinar cu&#xE1;l es el problema de comportamiento que afecta a su animal y le proporcionar&#xE1;n una serie de consejos pr&#xE1;cticos para iniciar la reeducaci&#xF3;n eficaz y recuperar as&#xED; una relaci&#xF3;n armoniosa con el perro.</subfield>
  </datafield>
  <datafield tag="650" ind1=" " ind2=" ">
    <subfield code="2">JMCR </subfield>
    <subfield code="a">Salud en animales </subfield>
    <subfield code="x">Veterinaria </subfield>
    <subfield code="9">43060</subfield>
  </datafield>
  <datafield tag="650" ind1=" " ind2=" ">
    <subfield code="2">JMCR </subfield>
    <subfield code="a">Alimentacion </subfield>
    <subfield code="x">Mascotas </subfield>
    <subfield code="9">43061</subfield>
  </datafield>
  <datafield tag="942" ind1=" " ind2=" ">
    <subfield code="2">ddc</subfield>
    <subfield code="c">BK</subfield>
  </datafield>
  <datafield tag="999" ind1=" " ind2=" ">
    <subfield code="c">30471</subfield>
    <subfield code="d">16855</subfield>
  </datafield>
  <datafield tag="952" ind1=" " ind2=" ">
    <subfield code="0">0</subfield>
  </datafield>
</record>
